| 000 | 00646nam a2200193 a 4500 | ||
|---|---|---|---|
| 003 | 0 | ||
| 005 | 20250218110648.0 | ||
| 008 | 110617s19uu xx 00 eng d | ||
| 050 |
_aPHS GV 1469.15 _b.Sh556 2011 |
||
| 100 | _aShin, Sang Woo. | ||
| 245 |
_aSocial skills and online gaming / _cShin Sang Woo. |
||
| 260 |
_aLas PiƱas City, Philippines : _bSouthville International School and Colleges, _c2011. |
||
| 300 |
_a22 pages ; _c28 cm. |
||
| 504 | _aIncludes bibliographical references. | ||
| 650 |
_aSocial skills _xDevelopment. |
||
| 650 |
_aOnline video games _xSocial aspects. |
||
| 650 |
_aVideo gamers _xPsychology. |
||
| 942 |
_2lcc _cPASS |
||
| 999 |
_c98506 _d98506 |
||